00376nam a2200133 i 4500001000300000100001600003245004000019260002100059040000800080041000800088080000700096008004100103856009800144bg1 aAMIEL, Jean 0aChemia ogólna /cJean Amiel. T.1. aWarszawa,c1975. cBPK apol a54 s pl f |000 0 pol  uhttp://koha.tu.koszalin.pl/cgi-bin/koha/opac-detail.pl?biblionumber=47094yKatalog online BPK